Organization development : (Record no. 59807)

MARC details
000 -LEADER
fixed length control field 01564nam a22003017a 4500
005 - DATE AND TIME OF LATEST TRANSACTION
control field 20111221161042.0
010 ## - LCCN (DPL NO)
LC control number ENG-104415 B-489844
020 ## - INTERNATIONAL STANDARD BOOK NUMBER
International Standard Book Number 9788132107392
Terms of availability 495.00
035 ## - SYSTEM CONTROL NUMBER
System control number EN-87948 B-489844
037 ## - SOURCE OF ACQUISITION
Source of stock number/acquisition DBAD/PUB
037 ## - SOURCE OF ACQUISITION
Source of stock number/acquisition K.K.Pub/Ven
082 00 - DEWEY DECIMAL CLASSIFICATION NUMBER
Classification number 658.406
Edition number 21
245 00 - TITLE STATEMENT
Title Organization development :
Remainder of title acclerating learning and transformation /
Statement of responsibility, etc edited by S. Ramnarayan [and] T.V. Rao
260 ## - PUBLICATION, DISTRIBUTION, ETC. (IMPRINT)
Place of publication, distribution, etc New Delhi
Name of publisher, distributor, etc Sage Response
Date of publication, distribution, etc 2011
270 ## - ADDRESS
Address B1/I-1 Mohan Cooperative Industrial Area Mathura Road
City New Delhi
Postal code 110044
300 ## - PHYSICAL DESCRIPTION
Extent xx,463p.
Dimensions 25cm(pbk)
500 ## - GENERAL NOTE
General note Includes bibliographical references and index.
650 #0 - SUBJECT ADDED ENTRY--TOPICAL TERM
Topical term or geographic name as entry element Organizational change.
700 1# - ADDED ENTRY--PERSONAL NAME
Personal name Ramnarayan, S.
9 (RLIN) 37361
700 2# - ADDED ENTRY--PERSONAL NAME
Personal name Venkateswara Rao, T.
9 (RLIN) 37362
856 42 - ELECTRONIC LOCATION AND ACCESS
Materials specified Publisher description
Uniform Resource Identifier http://www.loc.gov/catdir/enhancements/fy0657/97041760-d.html
856 41 - ELECTRONIC LOCATION AND ACCESS
Materials specified Table of contents only
Uniform Resource Identifier http://www.loc.gov/catdir/enhancements/fy0657/97041760-t.html
942 ## - ADDED ENTRY ELEMENTS (KOHA)
Source of classification or shelving scheme Dewey Decimal Classification
Item type English Books
Classification part 658.406
Call number suffix ORG
Holdings
Withdrawn status Lost status Not for loan Collection code Home library Current library Date acquired Source of acquisition Cost, normal purchase price Full call number Barcode Copy number Cost, replacement price Koha item type
    Not For Loan Non-fiction D.B.Act.Division D.B.Act.Division 21/12/2011 DBAD/PUB 495.00 658.406 ORG EN-87948 1 495.00 English Books
      Non-fiction Sarojini Nagar Sarojini Nagar 19/02/2013 K.K.Pub/BL2760/24.12.2012/120/18.12.2012/08.01.2013 495.00 658.406 ORG B-489844 1 495.00 English Books

© Delhi Public Library
Hit Counter
free hit counter